MBA trong tầm tay : Chủ đề quản trị kinh doanh /
Saved in:
| Main Author: | |
|---|---|
| Other Authors: | , , |
| Format: | Book (Paper) |
| Language: | Vietnamese |
| Published: |
H. :
Thống kê,
2008.
|
| Subjects: | |
| Tags: |
Add Tag
No Tags, Be the first to tag this record!
|
| Institutions: | Thư viện Trường Đại học Đà Lạt |
|---|
| LEADER | 00878nam a2200337 4500 | ||
|---|---|---|---|
| 001 | DLU090081949 | ||
| 005 | ##20090910 | ||
| 040 | # | # | |a DLU |b vie |
| 041 | # | # | |a vie |
| 044 | # | # | |a vn |
| 082 | # | # | |a 658 |b CO-A |
| 100 | # | # | |a Cohen, Allan R. |
| 245 | # | # | |a MBA trong tầm tay : |b Chủ đề quản trị kinh doanh / |c Allan R. Cohen; Hoàng Hà, Mai Hiên, Nhật An dịch. |
| 260 | # | # | |a H. : |b Thống kê, |c 2008. |
| 300 | # | # | |a 426 tr. ; |c 27 cm. |
| 653 | # | # | |a Quản trị doanh nghiệp |
| 653 | # | # | |a Quản trị kinh doanh |
| 700 | # | # | |a Mai Hiên, |e dịch |
| 700 | # | # | |a Nhật An, |e dịch. |
| 700 | # | # | |a Hoàng Hà, |e dịch. |
| 923 | # | # | |a 10/2009 |
| 991 | # | # | |a SH |
| 992 | # | # | |a 120000 |
| 994 | # | # | |a DLU |
| 900 | # | # | |a True |
| 911 | # | # | |a Đào Thị Thu Huyền |
| 925 | # | # | |a G |
| 926 | # | # | |a A |
| 927 | # | # | |a SH |
| 980 | # | # | |a Thư viện Trường Đại học Đà Lạt |